| 000 | 00405nam a2200145Ia 4500 | ||
|---|---|---|---|
| 005 | 20250620032752.0 | ||
| 008 | 240331s9999 xx 000 0 und d | ||
| 020 | _a9551302052 | ||
| 082 |
_bSRI _a322 |
||
| 245 | 0 | _aSri Lankawe manawa himikam pilibanda thathwaya | |
| 260 |
_aColombo _bLaw and Social responsibility _c2005 |
||
| 300 | _a168 p ., | ||
| 700 |
_aNeethiya ha Samaja bharaya. _eedt |
||
| 942 | _cL | ||
| 999 |
_c5073 _d5073 |
||